Las nuevas microscopías : (Record no. 197041)
[ view plain ]
| 000 -LEADER | |
|---|---|
| campo de control de longitud fija | 01173nam a2200265 i 4500 |
| 001 - NÚMERO DE CONTROL | |
| campo de control | 197041 |
| 003 - IDENTIFICADOR DE NÚMERO DE CONTROL | |
| campo de control | SpMaBN |
| 005 - FECHA Y HORA DE LA ÚLTIMA TRANSACCIÓN | |
| campo de control | 20250813063348.0 |
| 007 - CAMPO FIJO DE DESCRIPCIÓN FÍSICA--INFORMACIÓN GENERAL | |
| campo de control de longitud fija | t| |
| 008 - DATOS DE LONGITUD FIJA--INFORMACIÓN GENERAL | |
| campo de control de longitud fija | 250317|2024 xx |||||||||||||| ||spa|| |
| 017 ## - NÚMERO DE COPYRIGHT O DE DEPÓSITO LEGAL | |
| Número de copyright o de depósito legal | M 15822-2024 |
| Agencia que asigna | Oficina Depósito Legal Madrid |
| 020 ## - NÚMERO INTERNACIONAL ESTÁNDAR DEL LIBRO | |
| Número Internacional Estándar del Libro | 9788410670716 |
| 040 ## - FUENTE DE CATALOGACIÓN | |
| Centro catalogador/agencia de origen | SpMaBN |
| Lengua de catalogación | spa |
| Centro/agencia transcriptor | SpMaBN |
| Normas de descripción | rda |
| 245 10 - MENCIÓN DEL TÍTULO | |
| Título | Las nuevas microscopías : |
| Resto del título | herramientas para la exploración del nanomundo / |
| Mención de responsabilidad, etc. | Juan de Dios Alché Ramírez, Agustina Asenjo Barahona, José Miguel García Martín y Pedro A. Serena Domingo. |
| 300 ## - DESCRIPCIÓN FÍSICA | |
| Extensión | 124 páginas ; |
| Dimensiones | 22 cm |
| 336 ## - TIPO DE CONTENIDO | |
| Fuente | rdacontent |
| Término de tipo de contenido | texto |
| 337 ## - TIPO DE MEDIO | |
| Fuente | rdamedia |
| Nombre/término del tipo de medio | sin mediación |
| 338 ## - TIPO DE SOPORTE | |
| Fuente | rdacarrier |
| Nombre/término del tipo de soporte | volumen |
| 650 #4 - PUNTO DE ACCESO ADICIONAL DE MATERIA--TÉRMINO DE MATERIA | |
| 9 (RLIN) | 15032 |
| Término de materia o nombre geográfico como elemento de entrada | Microscopía |
| 852 ## - LOCALIZACIÓN | |
| Ubicación | ES-MaACL |
| Ubicación en estantería | Depósito J |
| Número de control de estantería | N-10417 |
| Anotaciones manuscritas | Dedicatoria autógrafa de los autores |
| Donativo/Legado | Donación: Juan de Dios Alché Ramírez; Agustina Asenjo; José Miguel García; Pedro A. Serena. |
| Encuadernación | Encuadernación rústica con solapas |
| itemnumber | 206540 |
| 942 ## - ELEMENTOS DE ENTRADA SECUNDARIOS (KOHA) | |
| Tipo de ítem Koha | Libro impreso |
| Suprimir en OPAC | No |
| Estatus retirado | Estado de pérdida | Fuente del sistema de clasificación o colocación | Estado de daño | No para préstamo | Colección | Biblioteca de origen | Biblioteca actual | Ubicación en estantería | Fecha de adquisición | Fuente de adquisición | Total de préstamos | Signatura topográfica completa | Código de barras | Visto por última vez | Precio de reemplazo | Tipo de ítem Koha |
|---|---|---|---|---|---|---|---|---|---|---|---|---|---|---|---|---|
| Clasificación decimal universal | Libros con dedicatorias | Biblioteca del Ateneo de Madrid | Biblioteca del Ateneo de Madrid | Depósito J | 11/08/2025 | Donación | N-10417 | 2025-0918 | 11/08/2025 | 11/08/2025 | Libro impreso |
